UBT Library

Perrallezat (Record no. 55092)

000 -LEADER
fixed length control field 00324nam a22001457a 4500
008 - FIXED-LENGTH DATA ELEMENTS--GENERAL INFORMATION
fixed length control field 200902b ||||| |||| 00| 0 eng d
020 ## - INTERNATIONAL STANDARD BOOK NUMBER
International Standard Book Number 978-9951-565-18-9
041 ## - LANGUAGE CODE
Language code of text/sound track or separate title albania
080 ## - UNIVERSAL DECIMAL CLASSIFICATION NUMBER
Universal Decimal Classification number 821.14'02-34
082 ## - DEWEY DECIMAL CLASSIFICATION NUMBER
Classification number 821.14'02-34
100 ## - Rafti
Rafti 1
101 ## - Shkurtesa
Shkurtesa 2
245 ## - TITLE STATEMENT
Title Perrallezat
Statement of responsibility, etc Gjevori, M
942 ## - ADDED ENTRY ELEMENTS (KOHA)
Source of classification or shelving scheme
Item type Books

No items available.

UBT Library © 2015-2024. All rights reserved University Education for Business and Technology